| 000 | 00751nam a2200181Ia 4500 | ||
|---|---|---|---|
| 999 |
_c5923 _d5923 |
||
| 003 | GBCCL | ||
| 005 | 20241126110552.0 | ||
| 008 | 180417b ||||| |||| 00| 0 eng d | ||
| 040 | _cgbc | ||
| 082 |
_a248.844 _bTHE |
||
| 100 |
_aTheophanie, S. T. _910722 |
||
| 245 |
_aThe one flesh covenant: _bA Biblical guide to marriage, divorce, separation and reconciliation / _cS. T. Theophanie |
||
| 300 |
_a69 p.; _c19 cm. |
||
| 505 | _aLaw, grace, and obedience to faith -- Marriage and divorce -- Separation -- Procreation -- Repentance, forgiveness, and reconciliation through God's grace -- Consolation -- Admonition -- Clarifications. | ||
| 650 |
_aMarriage _vBiblical teaching _910723 |
||
| 650 |
_aDivorce _vBiblical teaching _910724 |
||
| 942 |
_2ddc _cBK _05 |
||